Úvod do hamitosemitské (afroasijské) jazykovědy 2

Salvato in:
Dettagli Bibliografici
Autore principale: Petráček, Karel
Ente Autore: Univerzita Karlova v Praze
Natura: Libro
Lingua:ceco
Pubblicazione: Praha Státní pedagogické nakladatelství 1989
Edizione:1. vyd.
Tags: Aggiungi Tag
Nessun Tag, puoi essere il primo ad aggiungerne!!

MARC

LEADER 00000nam a2200000 4500
001 c028282
005 20221215120924.0
041 0 |a cze 
044 |a CZ 
245 1 0 |a Úvod do hamitosemitské (afroasijské) jazykovědy 2  |c Karel Petráček 
250 |a 1. vyd. 
264 1 |a Praha  |b Státní pedagogické nakladatelství  |c 1989 
300 |a S. 331-534 
100 1 |a Petráček, Karel 
710 2 |a Univerzita Karlova v Praze